000 00951cam a2200265Ia 4500
001 18163
003 GBCCL
005 20260303111502.0
008 930325r19871979miu b 000 0 eng d
020 _a0310442206
020 _a0301040200X
035 _a(OCoLC)27801915
040 _aRSC
_cRSC
_dLBB
082 _a220.44
_bBIB
090 _aBS715
_b1987b
245 1 4 _aThe NIV interlinear Hebrew-English Old Testament : four volumes in one Genesis-Malachi /
_cedited by John R. Kohlenberger III.
260 _aGrand Rapids, Mich. :
_bZondervan Pub. House,
_cc1987.
300 _axxxvi, 586, 512, 601, 591 p. ;
_c25 cm.
500 _aOriginally published 1979-c1985 in four separate volumes.
500 _a"Four volumes in one, Genesis-Malachi."
504 _aIncludes bibliographical references (p. xxviii-xxx).
630 0 0 _aBible.
_pO.T.
_xInterlinear translations, English.
_913759
700 1 _aKohlenberger, John R.
_94509
942 _2ddc
_cREF
999 _c7890
_d7890